|
|
|
|
| LEADER |
01188nam a2200301Ia 4500 |
| 001 |
EBC3051611 |
| 003 |
MiAaPQ |
| 005 |
20200520144314.0 |
| 006 |
m o d | |
| 007 |
cr cn||||||||| |
| 008 |
040505s2002 cau s 000 0 eng d |
| 020 |
|
|
|z 1885073585
|
| 035 |
|
|
|a (MiAaPQ)EBC3051611
|
| 035 |
|
|
|a (Au-PeEL)EBL3051611
|
| 035 |
|
|
|a (CaPaEBR)ebr10026337
|
| 035 |
|
|
|a (OCoLC)922952260
|
| 040 |
|
|
|a MiAaPQ
|c MiAaPQ
|d MiAaPQ
|
| 050 |
|
4 |
|a HB615
|b .H56 2002
|
| 100 |
1 |
|
|a Hinkelman, Edward.
|
| 245 |
1 |
2 |
|a A short course in international entrepreneurial trade
|h [electronic resource] :
|b how to buy, sell and broker for profit in international trade /
|c Edward G. Hinkelman, Jeffrey M. Curry, Karla Shippey.
|
| 260 |
|
|
|a Novata, CA. :
|b World Trade Press,
|c c2002.
|
| 300 |
|
|
|a viii, 199 p.
|
| 533 |
|
|
|a Electronic reproduction. Ann Arbor, MI : ProQuest, 2015. Available via World Wide Web. Access may be limited to ProQuest affiliated libraries.
|
| 650 |
|
0 |
|a Entrepreneurship.
|
| 650 |
|
0 |
|a International trade.
|
| 655 |
|
4 |
|a Electronic books.
|
| 710 |
2 |
|
|a ProQuest (Firm)
|
| 856 |
4 |
0 |
|u https://ebookcentral.proquest.com/lib/matrademy/detail.action?docID=3051611
|z Click to View
|